Girona most G+A each season 2020s - Statistics

General Stats
  • This quiz has been taken 10 times
  • The average score is 6 of 12
Answer Stats
Season Answer % Correct
2019-2031 Christian Stuani
100%
2020-2112 Christian Stuani
100%
2021-2223 Christian Stuani
100%
2022-2310 Christian Stuani
100%
2019-208 Borja Garcia
67%
2022-2314 Valentin Castellanos
67%
2021-2213 Nahuel Bustos
44%
2022-239 Rodrigo Riquelme
33%
2020-2113 Mamadou Sylla
22%
2021-2212 Samuel Saiz
11%
2020-217 Gerard Gumbau
0%
2019-206 Marc Gual
0%
No matching quizzes found
Score Distribution
Percent of People with Each Score
Percentile by Number Answered
Your Score History
You have not taken this quiz